| 000 | 00450nam a22001817a 4500 | ||
|---|---|---|---|
| 005 | 20230908172151.0 | ||
| 008 | 230908b |||||||| |||| 00| 0 eng d | ||
| 020 | _a9789698624613 | ||
| 082 |
_a336.200 _bHUS-S |
||
| 100 | _aMunawar Hussain | ||
| 245 | _aSynopsis of Taxes in Pakistan | ||
| 260 |
_aPakistan _bIBP Publication _c2010 |
||
| 300 | _a651 | ||
| 500 | _aInclude Index | ||
| 650 | _aEconomics | ||
| 700 | _aMunwar Hussain | ||
| 999 |
_c33478 _d33478 |
||